00497nam a2200157Ia 4500008004000000082001300040100001600053245002900069260005100098300001100149650001100160690001700171906001100188999001700199952012300216210210b1983 xxu||||| |||| 00| 0 eng d a413 MANT aMANNER (A). aTulu-english dictionary. aNew Delhi.bAsian Educational Services.,c1983 avi,687 aTulu  aDictionaries a043101 c92877d92877 001040708LanguagesaALbALcLanguagesd2021-02-17g145.00l0o413 MANTp043101r2021-02-17 00:00:00w2021-02-17yBK